=LDR 00000nam 2200000 4500 =001 INLIS000000000013011 =005 20130612104454 =008 ***********************************Ind** =035 ##$$0010-061300000013011 =041 ##$$a Ind =082 ##$$a 371.26 =090 ##$$a 371.26, Sug t =100 ##$$a Sugeng, D.T =245 ##$$a TPA (Tes Potensi Akademik), Sugeng D.T =260 ##$$a 2004 $b Bekasi =300 ##$$a 144 hlm, 21 cm =650 ##$$a Tes dalam pedoman pendidikan =850 ##$$a NBPNMAT =990 ##$$a 0001/BPAP-NTB/20142015